000 00351nam a22001457a 4500
020 _a978-93-5732-773-2
082 _a894.812
_bTHO/K
100 _aTHOMAS, SANIL P
245 _aKALIKALUDE ULPATHY
246 _aKALIKALUDE ULPATHY
_bKALIKALUDE ULPATHY
260 _aINDIA
_bD C
_c2024
300 _a176
650 _aREFERENCE IN MALAYALAM
942 _cBK
999 _c8744
_d8744